| 000 | 00561nam a2200193 a 4500 | ||
|---|---|---|---|
| 001 | 4620 | ||
| 003 | CO-ViMGA | ||
| 008 | 141112s2004 ck r 000 u spa d | ||
| 020 | _a9505501609 | ||
| 040 |
_aCO-ViMGA _bspa _cCO-ViMGA |
||
| 082 | 0 | 4 | _a371.3 I513 |
| 100 | 1 |
_aImbernón, Francisco _955563 |
|
| 245 | 1 | 0 |
_aLa programación de las tareas del aula : _bun proceso contextual dinamica y flerible |
| 260 |
_aBuenos Aires : _bMagisterio del Río de la Plata, _c1995 |
||
| 300 | _a47 p | ||
| 490 | _aMagisterio, 1 | ||
| 650 | 1 | 4 | _aENSEÑANZA |
| 942 |
_2ddc _cBK |
||
| 999 |
_c16630 _d16630 |
||